<?xml version="1.0" encoding="UTF-8"?>
<marc:record xmlns:marc="http://www.loc.gov/MARC21/slim">
   <marc:leader>00000nam a2200000 a 4500</marc:leader>
   <marc:datafield ind1="1" ind2=" " tag="100">
      <marc:subfield code="a">Wolf, Klaus-Peter</marc:subfield>
      <marc:subfield code="4">aut</marc:subfield>
      <marc:subfield code="e">Verfasser/-in</marc:subfield>
   </marc:datafield>
   <marc:datafield ind1="0" ind2="0" tag="245">
      <marc:subfield code="a">Der Verdacht</marc:subfield>
   </marc:datafield>
   <marc:datafield ind1="0" ind2="0" tag="245">
      <marc:subfield code="b">Ostfriesenkrimi</marc:subfield>
   </marc:datafield>
   <marc:datafield ind1="0" ind2="0" tag="245">
      <marc:subfield code="c">Klaus-Peter Wolf</marc:subfield>
   </marc:datafield>
   <marc:datafield ind1=" " ind2="1" tag="264">
      <marc:subfield code="a">Frankfurt am Main</marc:subfield>
      <marc:subfield code="b">FISCHER Taschenbuch</marc:subfield>
      <marc:subfield code="c">2024</marc:subfield>
   </marc:datafield>
   <marc:datafield ind1="1" ind2=" " tag="490">
      <marc:subfield code="a">Ein mörderisches Paar</marc:subfield>
      <marc:subfield code="v">2</marc:subfield>
   </marc:datafield>
   <marc:datafield ind1="1" ind2=" " tag="520">
      <marc:subfield code="a">Ein Kopfgeld von 10 Millionen ist auf Dr. Bernhard Sommerfeldt ausgesetzt, eine Summe, die sich kein Profikiller gerne entgehen lässt. Und wenn Markus Baumann aus Meppen davon gewusst hätte, dann hätte er Birgit Ritter vielleicht anders angesprochen. Doch seine Sommerfeldt-Masche ist einfach zu erfolgreich, reihenweise verfallen ihm die Frauen. Auch Birgit Ritter glaubt fest, den echten Sommerfeldt vor sich zu haben, als plötzlich und unerwartet Johann Baptist Reichhart, seines Zeichens Kopfgeldjäger, im Raum steht und das Rendezvous mit Markus Baumann final beendet. Das ist kein einfacher Fall für Ann Kathrin Klaasen und ihr Team in Ostfriesland, aber ein hundertprozentiger Auftrag für den echten Sommerfeldt und seine Ehefrau Frauke. Alles läuft auf einen großen Showdown auf Norderney hinaus.</marc:subfield>
   </marc:datafield>
   <marc:datafield ind1=" " ind2=" " tag="020">
      <marc:subfield code="a">9783596708642</marc:subfield>
      <marc:subfield code="9">9783596708642</marc:subfield>
   </marc:datafield>
   <marc:datafield ind1=" " ind2=" " tag="020">
      <marc:subfield code="a">3596708648</marc:subfield>
      <marc:subfield code="9">3596708648</marc:subfield>
   </marc:datafield>
   <marc:datafield ind1=" " ind2=" " tag="300">
      <marc:subfield code="a">454 Seiten</marc:subfield>
   </marc:datafield>
</marc:record>
